[Event "Kostroma Volga Cup op"]
[Site "Kostroma"]
[Date "2010.07.??"]
[Round "8"]
[White "Tsygankov, Alexandr"]
[Black "Egorova, Ayyna"]
[Result "1-0"]
[WhiteElo "2032"]
[BlackElo "1836"]
[PlyCount "77"]
[EventDate "2010.07.??"]
[EventType "swiss"]
[EventRounds "9"]
[EventCountry "RUS"]
[SourceTitle "EXT 2011"]
[Source "ChessBase"]
[SourceDate "2010.11.26"]
[SourceVersion "1"]
[SourceVersionDate "2010.11.26"]
[SourceQuality "1"]

1. d4 f5 2. g4 fxg4 3. h3 d5 4. hxg4 Bxg4 5. Qd3 Qc8 6. f3 Bf5 7. e4 Bg6 8. Bh3 Nd7 9. Nc3 Ngf6 10. Bg5 Qd8 11. Bxf6 dxe4 12. Qb5 exf6 13. 0-0-0 Bd6 14. Qxb7 0-0 15. fxe4 Rb8 16. Qc6 Nb6 17. Be6+ Kh8 18. e5 fxe5 19. dxe5 Qg5+ 20. Kb1 Qxe5 21. Bb3 Bh5 22. Rc1 a5 23. Qe4 Qc5 24. Qh4 Bg6 25. Nge2 Be7 26. Qg3 Bg5 27. Rcg1 Bh6 28. Nc1 a4 29. Nd3 Qf5 30. Nxa4 Nxa4 31. Bxa4 c5 32. Bb3 Rfc8 33. Ne5 c4 34. Nxc4 Qf6 35. Ne5 Bxc2+ 36. Bxc2 Rxc2 37. Nf7+ Kg8 38. Nxh6+ Qxh6 39. Qxb8+ 1-0

[Event "Kostroma Volga Cup op"]
[Site "Kostroma"]
[Date "2008.07.??"]
[Round "8"]
[White "Gilyov, Dmitry"]
[Black "Tsygankov, Alexandr"]
[Result "1-0"]
[WhiteElo "2095"]
[BlackElo "2032"]
[PlyCount "100"]
[EventDate "2008.07.??"]
[EventType "swiss"]
[EventRounds "9"]
[EventCountry "RUS"]
[SourceTitle "EXT 2009"]
[Source "ChessBase"]
[SourceDate "2008.11.26"]
[SourceVersion "1"]
[SourceVersionDate "2008.11.26"]
[SourceQuality "1"]

1. d4 d5 2. c4 e6 3. Nc3 c5 4. cxd5 cxd4 5. Qxd4 Nc6 6. Qd1 exd5 7. Qxd5 Bd7 8. Nf3 Nf6 9. Qb3 Be6 10. Qa4 Qb6 11. e3 0-0-0 12. Be2 h6 13. 0-0 g5 14. a3 g4 15. Nd4 Nxd4 16. exd4 a6 17. Be3 Bb3 18. d5 Qxe3 19. Bxg4+ Kb8 20. fxe3 Bxa4 21. Rxf6 Be8 22. e4 Bg7 23. Rff1 Rg8 24. Bf5 Be5 25. Rac1 f6 26. Rc2 Rg7 27. Rfc1 Bf4 28. Rd1 Be5 29. Kf2 Rc7 30. Rcd2 Rd6 31. g3 Rc4 32. Ne2 Ba4 33. Rc1 Bb5 34. Rxc4 Bxc4 35. Nd4 a5 36. Nf3 Ka7 37. Nxe5 fxe5 38. Kg2 Kb6 39. g4 Kc5 40. h4 Bb5 41. g5 Be8 42. Kg3 Bh5 43. Rc2+ Kd4 44. Rc7 Rb6 45. gxh6 Rxh6 46. Rxb7 Rh8 47. d6 Ke3 48. Rg7 Rb8 49. d7 Bf3 50. Bg4 Bxe4 1-0

[Event "Kostroma Volga Cup op"]
[Site "Kostroma"]
[Date "2008.07.??"]
[Round "6"]
[White "Gorishniy, Yuri"]
[Black "Tsygankov, Alexandr"]
[Result "1/2-1/2"]
[WhiteElo "2066"]
[BlackElo "2032"]
[PlyCount "48"]
[EventDate "2008.07.??"]
[EventType "swiss"]
[EventRounds "9"]
[EventCountry "RUS"]
[SourceTitle "EXT 2009"]
[Source "ChessBase"]
[SourceDate "2008.11.26"]
[SourceVersion "1"]
[SourceVersionDate "2008.11.26"]
[SourceQuality "1"]

1. d4 d5 2. c4 e6 3. Nc3 c6 4. Nf3 f5 5. g3 Nf6 6. Bg2 Bd6 7. 0-0 0-0 8. b3 Nbd7 9. cxd5 exd5 10. Nd2 Ne4 11. Ndxe4 fxe4 12. f3 exf3 13. Bxf3 Nf6 14. Bg2 Bg4 15. Qd3 Qd7 16. Bg5 Be7 17. a3 Rae8 18. b4 Bh3 19. Bxh3 Qxh3 20. Bxf6 Rxf6 21. e4 dxe4 22. Nxe4 Rxf1+ 23. Rxf1 Qe6 24. Nc5 Bxc5 1/2-1/2

[Event "Kostroma Volga Cup op"]
[Site "Kostroma"]
[Date "2008.07.??"]
[Round "2"]
[White "Mirzanurov, Bulat"]
[Black "Tsygankov, Alexandr"]
[Result "1-0"]
[WhiteElo "2321"]
[BlackElo "2032"]
[PlyCount "123"]
[EventDate "2008.07.??"]
[EventType "swiss"]
[EventRounds "9"]
[EventCountry "RUS"]
[SourceTitle "EXT 2009"]
[Source "ChessBase"]
[SourceDate "2008.11.26"]
[SourceVersion "1"]
[SourceVersionDate "2008.11.26"]
[SourceQuality "1"]

1. d4 d5 2. c4 e6 3. Nc3 c5 4. cxd5 cxd4 5. Qxd4 Nc6 6. Qd1 exd5 7. Qxd5 Bd7 8. Bg5 Nf6 9. Bxf6 Qxf6 10. 0-0-0 0-0-0 11. Qf3 Be7 12. e3 Bf5 13. Nd5 Qg6 14. Qg3 Bd6 15. Qxg6 hxg6 16. Nf3 Ne5 17. Nxe5 Bxe5 18. Ne7+ Kb8 19. Rxd8+ Rxd8 20. Nxf5 gxf5 21. Be2 Bxb2+ 22. Kc2 Be5 23. g3 Rc8+ 24. Kb1 Rd8 25. Rd1 Rxd1+ 26. Bxd1 Kc7 27. Bb3 f6 28. f4 Bd6 29. Kc2 Bc5 30. Kd3 Kd6 31. h3 a5 32. Bc4 b6 33. Ba6 Kc7 34. a4 Bb4 35. Ke2 Kc6 36. Kf3 Kc5 37. h4 Bd2 38. h5 Bc1 39. Bc8 b5 40. axb5 Kxb5 41. Bxf5 Kc5 42. Bb1 Kd6 43. e4 Bb2 44. Kg4 Ke7 45. Ba2 a4 46. Kf5 Bd4 47. Kg6 Kf8 48. g4 a3 49. Kf5 Bc3 50. g5 fxg5 51. Kxg5 Bd4 52. Kf5 Bc3 53. Ke6 Bd2 54. Kf5 Bc3 55. e5 Bd4 56. Ke4 Bb2 57. f5 Ke7 58. h6 gxh6 59. f6+ Kf8 60. Kf5 h5 61. e6 Ke8 62. e7 1-0

[Event "Kostroma Volga Cup op"]
[Site "Kostroma"]
[Date "2008.07.??"]
[Round "3"]
[White "Tsygankov, Alexandr"]
[Black "Davydiants, Eduard"]
[Result "0-1"]
[WhiteElo "2032"]
[BlackElo "2034"]
[PlyCount "74"]
[EventDate "2008.07.??"]
[EventType "swiss"]
[EventRounds "9"]
[EventCountry "RUS"]
[SourceTitle "EXT 2009"]
[Source "ChessBase"]
[SourceDate "2008.11.26"]
[SourceVersion "1"]
[SourceVersionDate "2008.11.26"]
[SourceQuality "1"]

1. d4 Nf6 2. Nf3 g6 3. Bg5 Bg7 4. e3 d6 5. Bd3 0-0 6. Nbd2 c5 7. c3 Nc6 8. Qe2 a6 9. 0-0 Rb8 10. Rfd1 cxd4 11. exd4 h6 12. Bh4 g5 13. Bg3 Nh5 14. d5 Nxg3 15. hxg3 Ne5 16. Nxe5 dxe5 17. Nc4 Qc7 18. Re1 Rd8 19. Ne3 e6 20. c4 f5 21. dxe6 e4 22. e7 Qxe7 23. Nd5 Qe5 24. Rab1 Be6 25. Bc2 Kh7 26. Bb3 b5 27. Nc3 bxc4 28. Bxc4 Bxc4 29. Qxc4 a5 30. Qe2 Rb4 31. Red1 Rbd4 32. Rxd4 Rxd4 33. Rd1 Qc5 34. g4 e3 35. gxf5 exf2+ 36. Qxf2 Rxd1+ 37. Nxd1 Bd4 0-1